Top 15 Countries with Covid-19 Deaths - 7 Apr 2021 - Statistics

General Stats
  • This quiz has been taken 34 times
  • The average score is 15 of 24
Answer Stats
country % Correct
United States
100%
United Kingdom
96%
Brazil
89%
India
89%
Russia
89%
Spain
89%
France
82%
Italy
82%
Germany
79%
Mexico
79%
Argentina
75%
Portugal
71%
Poland
61%
Colombia
54%
Czechia
43%
Hungary
43%
Iran
43%
Peru
43%
Slovakia
39%
Belgium
36%
Slovenia
32%
Bulgaria
25%
Bosnia and Herzegovina
21%
North Macedonia
11%
No matching quizzes found
Score Distribution
Percent of People with Each Score
Percentile by Number Answered
Your Score History
You have not taken this quiz